|
|
|
|
| LEADER |
02912nam a2200709 i 4500 |
| 001 |
nkc20172926186 |
| 003 |
CZ PrNK |
| 005 |
20220407143126.0 |
| 007 |
ta |
| 008 |
170808s2017 xr ae e f 000 0 cze |
| 015 |
|
|
|a cnb002926186
|
| 020 |
|
|
|a 978-80-87376-39-3
|q (Památník národního písemnictví ;
|q brožováno) :
|c neprodejné
|
| 035 |
|
|
|a (OCoLC)1315529264
|
| 040 |
|
|
|a BOA001
|b cze
|d OLA001
|e rda
|
| 043 |
|
|
|a e-xr---
|b e-xr-pg
|2 czenas
|
| 045 |
|
|
|a t-t-
|
| 072 |
|
7 |
|a 72
|x Architektura
|2 Konspekt
|9 21
|
| 080 |
|
|
|a 728.82
|2 MRF
|
| 080 |
|
|
|a 72/76.05
|2 MRF
|
| 080 |
|
|
|a 745.5:693.63
|2 MRF
|
| 080 |
|
|
|a 7.04
|2 MRF
|
| 080 |
|
|
|a 7.034.3/.6
|2 MRF
|
| 080 |
|
|
|a (437.311)
|2 MRF
|
| 080 |
|
|
|a (036)
|2 MRF
|
| 100 |
1 |
|
|a Dobalová, Sylva,
|d 1973-
|7 jo2004213828
|4 aut
|
| 245 |
1 |
0 |
|a Štuková výzdoba letohrádku Hvězda :
|b průvodce /
|c autoři textů Sylva Dobalová, Ivo Purš ; fotografie Vlado Bohdan
|
| 264 |
|
1 |
|a Praha :
|b Památník národního písemnictví ve spolupráci s Ústavem dějin umění AV ČR, v.v.i.,
|c 2017
|
| 300 |
|
|
|a 21 stran :
|b ilustrace, 1 plán ;
|c 30 cm
|
| 336 |
|
|
|a text
|b txt
|2 rdacontent
|
| 336 |
|
|
|a statický obraz
|b sti
|2 rdacontent
|
| 337 |
|
|
|a bez média
|b n
|2 rdamedia
|
| 338 |
|
|
|a svazek
|b nc
|2 rdacarrier
|
| 500 |
|
|
|a Vydáno u příležitosti výstavy "Ferdinand II. Tyrolský a letohrádek Hvězda", 8.9.-29.10.2017 v letohrádku Hvězda
|
| 500 |
|
|
|a Název z obálky
|
| 500 |
|
|
|a 500 výtisků
|
| 500 |
|
|
|a V roce 2018 dotisk 600 výtisků
|
| 610 |
2 |
7 |
|a Letohrádek Hvězda
|7 kn20020923004
|2 czenas
|
| 648 |
|
7 |
|a 16. století
|7 ch460554
|2 czenas
|
| 650 |
0 |
7 |
|a letohrádky
|7 ph122272
|z Česko
|2 czenas
|
| 650 |
0 |
7 |
|a umělecká výzdoba
|7 ph136757
|z Česko
|y 16. století
|2 czenas
|
| 650 |
0 |
7 |
|a štukatérství
|7 ph580696
|z Česko
|y 16. století
|2 czenas
|
| 650 |
0 |
7 |
|a umělecké náměty
|7 ph138227
|2 czenas
|
| 650 |
0 |
7 |
|a renesanční umění
|7 ph125134
|z Česko
|2 czenas
|
| 650 |
0 |
9 |
|a pleasure-houses
|z Czechia
|2 eczenas
|
| 650 |
0 |
9 |
|a artistic decoration
|z Czechia
|y 16th century
|2 eczenas
|
| 650 |
0 |
9 |
|a stucco work
|z Czechia
|y 16th century
|2 eczenas
|
| 650 |
0 |
9 |
|a artistic themes
|2 eczenas
|
| 650 |
0 |
9 |
|a renaissance art
|z Czechia
|2 eczenas
|
| 651 |
|
7 |
|a Praha (Česko)
|7 ge118011
|2 czenas
|
| 651 |
|
9 |
|a Prague (Czechia)
|2 eczenas
|
| 655 |
|
7 |
|a průvodce
|7 fd133154
|2 czenas
|
| 655 |
|
9 |
|a guidebooks
|2 eczenas
|
| 700 |
1 |
|
|a Purš, Ivo,
|d 1964-
|7 jn20010601044
|4 aut
|
| 700 |
1 |
|
|a Bohdan, Vlado,
|d 1972-
|7 jn20000400208
|4 pht
|
| 910 |
2 |
|
|a BOA001
|b 4-1450.934
|
| 928 |
9 |
|
|a Ústav dějin umění AV ČR
|
| 928 |
9 |
|
|a Akademie věd České republiky, Ústav dějin umění
|
| 990 |
|
|
|a BK
|
| 995 |
|
|
|a 01
|
| 991 |
|
|
|b 202008
|c NOV
|
| 996 |
6 |
|
|b 2610833561
|c 4-1450.934
|l MZK
|r Sklad / do 1 hodiny
|n 0
|p dar
|w 001816567
|u 000010
|a 1
|e BOA001
|j MZK50
|s P
|
| 996 |
7 |
|
|b 2610906267
|c 4-1450.934
|l MZK
|r Sklad / do 1 hodiny
|n 1
|p dar
|w 001816567
|u 000020
|a 1
|e BOA001
|j MZK50
|s A
|